000 01523cam a2200385 a 4500
001 3809
003 FISKH
005 20240510101858.0
008 081124s2010 nyuab j b 001 0 eng
010 _a 2008051267
020 _a9780531252253
020 _a0531252256
020 _a9780531241066 (pbk.)
020 _a0531241068 (pbk.)
035 _a(OCoLC)ocn277086175
040 _aDLC
_cDLC
_dBTCTA
_dZQP
_dAZD
_dDLC
_beng
043 _aa-cc---
050 0 0 _aDS741.65
_b.F75 2010
082 0 0 _a951
_222
100 1 _aFriedman, Mel,
_d1946-
245 1 0 _aAncient China /
_cMel Friedman.
260 _aNew York :
_bScholastic,
_c2010
300 _a48 pages :
_bcolor illustrations ;
_c22 cm
490 1 _aA true book
504 _aIncludes bibliographical references (p. 44-45) and index.
505 0 _aCentral kingdom -- Heroes and history -- The golden age of thought -- The big truth! : tomb warriors -- The creative spirit -- Everyday life -- Strangers at the gates.
520 _aProvides information about ancient China, discussing structures, significant individuals, schools of thought, everyday life, and other related topics.
651 0 _aChina
_xCivilization
_yTo 221 B.C.
_vJuvenile literature.
651 0 _aChina
_xCivilization
_y221 B.C.-960 A.D.
_vJuvenile literature.
651 0 _aChina
_xCivilization
_y960-1644
_vJuvenile literature.
651 0 _aChina
_xAntiquities
_vJuvenile literature.
906 _a7
_bcbc
_corignew
_d1
_eecip
_f20
_gy-gencatlg
942 _2ddc
_cBK
_n0
999 _c3809
_d3809